000 01019cam a22002771 4500
001 gs 32000216
003 DLC
005 20260227111337.0
008 800611s1932 dcuabf b f001 0 eng
010 _ags 32000216
035 _a(OCoLC)6408264
040 _aDLC
_cICharE
_dDLC
043 _an-us-tx
050 0 0 _aQE75
_b.B9 no. 837
051 _aQE691
_b.T7
100 1 _aTrowbridge, Arthur C.
_q(Arthur Carleton),
_d1885-
245 1 0 _aTertiary and Quaternary geology of the lower Rio Grande region, Texas,
_cby A.C. Trowbridge.
260 _aWashington,
_bU.S. Govt. Print. Off.,
_c1932.
300 _aviii, 260 p.
_bincl. maps, tables, diagrs., 45 pl. (incl. 11 maps (9 fold. in pocket) fold. diagr.)
_c23 cm.
490 0 _aU.S. Geological survey. Bulletin 837
500 _aAt head of title: United States Department of the Interior.
504 _aBibliographical foot-notes.
650 0 _aGeology
_zTexas.
650 0 _aGeology, Stratigraphic
_yTertiary.
650 0 _aGeology, Stratigraphic
_yQuaternary.
999 _c26978
_d26978